Every Inhabited City, Town or Village in British Columbia on the Map - Statistics

General Stats
  • This quiz has been taken 224 times
  • The average score is 85 of 405
Answers on the Map
Answers color-coded by a green-red scale on the quiz's map according to % correct below.
 
Answer Stats
Regional District Type Pop City % Correct
Metro Vancouver City 631 k Vancouver
87%
Capital City 85.7 k Victoria
77%
Nanaimo City 90.5 k Nanaimo
71%
Metro Vancouver City 517 k Surrey
70%
Central Okanagan City 127 k Kelowna
68%
Thompson-Nicola City 90.2 k Kamloops
67%
Metro Vancouver City 52.8 k North Vancouver
67%
Metro Vancouver City 232 k Burnaby
65%
Metro Vancouver City 198 k Richmond
65%
Fraser-Fort George City 74.0 k Prince George
63%
Metro Vancouver District Municipality 42.6 k West Vancouver
63%
Fraser Valley City 141 k Abbotsford
61%
Metro Vancouver City 139 k Coquitlam
60%
North Coast City 12.2 k Prince Rupert
60%
Squamish-Lillooet Resort Municipality 13.9 k Whistler
60%
Metro Vancouver City 102 k Delta
58%
Metro Vancouver City 58.6 k Port Coquitlam
58%
Metro Vancouver City 25.8 k Langley
57%
Alberni-Clayoquot City 17.6 k Port Alberni
57%
Squamish-Lillooet District Municipality 17.1 k Squamish
57%
Fraser Valley City 36.4 k Mission
56%
Alberni-Clayoquot District Municipality 1.8 k Tofino
56%
Metro Vancouver City 19.9 k White Rock
56%
Fraser Valley City 83.7 k Chilliwack
55%
Metro Vancouver City 82.2 k Maple Ridge
55%
Okanagan-Similkameen Town 4.8 k Osoyoos
55%
Metro Vancouver City 33.5 k Port Moody
55%
Fraser Valley District Municipality 5.9 k Hope
54%
North Okanagan City 40.1 k Vernon
54%
Central Okanagan City 32.6 k West Kelowna
54%
Peace River City 20.1 k Fort St. John
53%
Capital District Municipality 109 k Saanich
53%
Okanagan-Similkameen City 33.7 k Penticton
52%
Comox Valley Town 13.6 k Comox
51%
Metro Vancouver City 70.9 k New Westminster
51%
Central Okanagan District Municipality 5.2 k Peachland
49%
Fraser Valley Village 1.4 k Harrison Hot Springs
48%
Central Kootenay City 10.5 k Nelson
48%
Metro Vancouver City 18.5 k Pitt Meadows
48%
Strathcona City 32.5 k Campbell River
47%
Metro Vancouver Village 1.3 k Lions Bay
47%
Cowichan Valley City 4.9 k Duncan
46%
Mount Waddington District Municipality 4.0 k Port Hardy
46%
Columbia-Shuswap City 7.5 k Revelstoke
46%
Central Kootenay Village 1.1 k Salmo
46%
Capital Town 11.1 k Sidney
46%
Alberni-Clayoquot District Municipality 1.6 k Ucluelet
46%
Metro Vancouver Village 644 Belcarra
45%
Comox Valley City 25.5 k Courtenay
45%
East Kootenay City 20.0 k Cranbrook
45%
Sunshine Coast Town 4.4 k Gibsons
45%
Capital City 35.3 k Langford
45%
qathet City 13.1 k Powell River
45%
Sunshine Coast District Municipality 9.2 k Sechelt
45%
Columbia-Shuswap Town 3.7 k Golden
44%
Squamish-Lillooet District Municipality 2.3 k Lillooet
44%
Okanagan-Similkameen District Municipality 11.2 k Summerland
44%
Metro Vancouver Coat Salish Village 2.2 k Tsawwassen
44%
Northern Rockies District Municipality 3.9 k Fort Nelson
43%
Kitimat-Stikine Haisla Village 507 Kitamaat
43%
Kitimat-Stikine District Municipality 8.3 k Kitimat
43%
Capital District Municipality 11.0 k North Saanich
43%
Nanaimo City 12.5 k Parksville
43%
Cariboo City 9.8 k Quesnel
43%
Columbia-Shuswap City 17.7 k Salmon Arm
43%
Kootenay Boundary City 7.7 k Trail
43%
Cariboo District Municipality 1.8 k 100 Mile House
42%
Metro Vancouver Village 2.0 k Anmore
42%
Metro Vancouver Island Municipality 4.2 k Bowen Island
42%
Central Kootenay City 8.0 k Castlegar
42%
Peace River City 12.1 k Dawson Creek
42%
Capital District Municipality 16.2 k Esquimalt
42%
East Kootenay City 5.2 k Fernie
42%
Fraser Valley District Municipality 5.6 k Kent
42%
Thompson-Nicola City 7.1 k Merritt
42%
Capital District Municipality 18.0 k Oak Bay
42%
Squamish-Lillooet Village 2.3 k Pemberton
42%
Capital District Municipality 11.4 k Sooke
42%
Kitimat-Stikine City 11.6 k Terrace
42%
Cowichan Valley District Municipality 28.8 k North Cowichan
41%
Bulkley-Nechako Town 5.4 k Smithers
41%
Mount Waddington Village 805 Port Alice
40%
Mount Waddington Town 2.5 k Port McNeil
40%
Cariboo City 10.7 k Williams Lake
40%
Bulkley-Nechako District Municipality 3.1 k Houston
39%
North Okanagan City 2.9 k Enderby
38%
Nanaimo Town 8.6 k Qualicum Beach
38%
Central Coast Unincorperated Place 2.1 k Bella Coola
37%
Capital District Municipality 15.9 k Central Saanich
37%
Kootenay Boundary City 4.0 k Grand Forks
37%
Okanagan-Similkameen Town 4.8 k Oliver
37%
Cowichan Valley Town 7.9 k Ladysmith
36%
Central Okanagan District Municipality 11.7 k Lake Country
36%
Capital Unincorperated Place 11.6 Saltspring Island
36%
Central Kootenay Town 5.3 k Creston
35%
North Coast Village 944 Daajing Giids
35%
East Kootenay City 7.4 k Kimberley
35%
Cowichan Valley Town 2.9 k Lake Cowichan
35%
Thompson-Nicola Village 228 Lytton
35%
Okanagan-Similkameen Town 2.7 k Princeton
35%
Mount Waddington Village 445 Alert Bay
34%
Peace River District Municipality 2.6 k Chetwynd
34%
Capital City 16.8 k Colwood
34%
Nanaimo District Municipality 3.6 k Lantzville
34%
East Kootenay Village 777 Radium Hot Springs
34%
Kitimat-Stikine District Municipality 494 Stewart
34%
Bulkley-Nechako District Municipality 4.4 k Vanderhoof
34%
Capital Town 9.3 k View Royal
34%
Comox Valley Village 3.3 k Cumberland
33%
East Kootenay District Municipality 2.9 k Invermere
33%
Capital District Municipality 4.8 k Metchosin
33%
Columbia-Shuswap District Municipality 2.4 k Sicamous
33%
Peace River District Municipality 2.7 k Tumbler Ridge
33%
Fraser-Fort George Village 1.0 k Valemount
33%
Central Coast Unincorperated Place 1.1 k Bella Bella
32%
Bulkley-Nechako Village 2.0 k Burns Lake
32%
Bulkley-Nechako District Municipality 1.6 k Fort St. James
32%
Strathcona Village 1.2 k Gold River
32%
Okanagan-Similkameen Village 1.3 k Keremeos
32%
North Okanagan City 5.1 k Armstrong
31%
Thompson-Nicola Village 1.0 k Cache Creek
31%
Bulkley-Nechako Village 1.1 k Fraser Lake
31%
North Coast Village 884 Masset
31%
Kitimat-Stikine District Municipality 666 New Hazelton
31%
East Kootenay District Municipality 3.6 k Sparwood
31%
Peace River District Municipality 970 Hudson's Hope
30%
North Okanagan Village 1.7 k Lumby
30%
Capital Unincorperated Place 262 Port Renfrew
30%
Strathcona Village 317 Sayward
30%
Fraser Valley Unincorperated Place 166 Boston Bar
29%
Thompson-Nicola District Municipality 2.3 k Clearwater
29%
Kitimat-Stikine Village 300 Hazelton
29%
Central Kootenay Village 1.0 k Kaslo
29%
Kootenay Boundary City 3.7 k Rossland
29%
Strathcona Village 125 Zeballos
29%
Thompson-Nicola Village 2.4 k Chase
28%
North Okanagan District Municipality 10.3 k Coldstream
28%
East Kootenay District Municipality 2.5 k Elkford
28%
Strathcona Village 316 Tahsis
28%
Thompson-Nicola Village 1.6 k Ashcroft
27%
Stikine Unincorperated Place 477 Atlin
27%
North Okanagan District Municipality 5.0 k Spallumcheen
27%
Columbia-Shuswap Unincorperated Place 157 Field
26%
Kootenay Boundary City 665 Greenwood
26%
Fraser-Fort George District Municipality 3.5 k Mackenzie
26%
Central Kootenay Village 1.5 k Nakusp
26%
East Kootenay Village 715 Canal Flats
25%
Nanaimo Unincorperated Place 1.6 k Coombs
25%
Kitimat-Stikine Unincorperated Place 229 Dease Lake
25%
Kootenay Boundary Village 2.0 k Fruitvale
25%
Thompson-Nicola District Municipality 2.0 k Logan Lake
25%
Fraser-Fort George Village 586 McBride
25%
North Coast Village 378 Port Clements
25%
Central Kootenay Village 296 Slocan
25%
Thompson-Nicola Mountain Resort Municipality 1.4 k Sun Peaks
25%
Peace River District Municipality 1.3 k Taylor
25%
Thompson-Nicola District Municipality 1.7 k Barrière
24%
Thompson-Nicola Village 636 Clinton
24%
Capital District Municipality 2.1 k Highlands
24%
Okanagan-Similkameen Unincorperated Place 2.2 k Okanagan Falls
24%
Cowichan Valley Unincorperated Place 3.9 k Shawnigan Lake
23%
Alberni-Clayoquot Unincorperated Place 201 Bamfield
22%
Kootenay Boundary Village 674 Midway
22%
Central Kootenay Village 504 New Denver
22%
North Coast District Municipality 544 Port Edward
22%
Central Kootenay Village 195 Silverton
22%
East Kootenay Unincorperated Place 1.5 k Windermere
22%
Fraser Valley Unincorperated Place 162 Yale
22%
Kootenay Boundary Resort Town 991 Big White
21%
Cowichan Valley Unincorperated Place 410 Cowichan Bay
21%
North Coast Unincorperated Place 310 Sandspit
21%
Squamish-Lillooet Unincorperated Place 384 Britannia Beach
20%
East Kootenay Unincorperated Place 781 Fairmont Hot Springs
20%
Okanagan-Similkameen Unincorperated Place 261 Hedley
20%
Cariboo Unincorperated Place 1.1 k 150 Mile House
19%
qathet Unincorperated Place 292 Lund
19%
Cowichan Valley Unincorperated Place 3.0 k Mill Bay
19%
Nanaimo Unincorperated Place 3.0 k Cedar
18%
Kootenay Boundary Unincorperated Place 1.3 k Christina Lake
18%
Cowichan Valley Unincorperated Place 972 Cobble Hill
18%
Nanaimo Island Trust 4.2 k Gabriola Island
18%
Nanaimo Unincorperated Place 454 Qualicum Bay
18%
North Coast Haida Village 697 Skidegate
18%
Mount Waddington Unincorperated Place 206 Woss
18%
Fraser Valley Unincorperated Place 1.2 k Cultus Lake
17%
Nanaimo Unincorperated Place 1.8 k Deep Bay / Bowser
17%
Bulkley-Nechako Village 1.3 k Telkwa
17%
Okanagan-Similkameen Unincorperated Place 1.0 k Cawston
16%
Squamish-Lillooet Unincorperated Place 270 Furry Creek
16%
North Coast Haida Village 475 Old Massett
16%
Kitimat-Stikine Tahltan Village 193 Telegraph Creek
16%
Cariboo District Municipality 245 Wells
16%
Columbia-Shuswap Unincorperated Place 2.3 k Blind Bay
15%
Nanaimo Unincorperated Place 1.0 k Cassidy
15%
Nanaimo Unincorperated Place 2.9 k Errington
15%
Bulkley-Nechako Unincorperated Place 220 Fort Fraser
15%
Kootenay Boundary Village 1.0 k Montrose
15%
Okanagan-Similkameen Unincorperated Place 1.6 k Naramata
15%
Kootenay Boundary Unincorperated Place 185 Rock Creek
15%
Columbia-Shuswap Unincorperated Place 1.3 k Sorrento
15%
Thompson-Nicola Unincorperated Place 76 Spences Bridge
15%
Kootenay Boundary Village 1.7 k Warfield
15%
Strathcona Unincorperated Place 2.0 k Black Creek/Oyster River
14%
North Okanagan Unincorperated Place 717 Cherryville
14%
Mount Waddington Unincorperated Place 15 Holberg
14%
Nanaimo Unincorperated Place 6.5 k Nanoose Bay
14%
Sunshine Coast Unincorperated Place 1.2 k Pender Harbour/Madeira Park
14%
North Okanagan Resort Town 336 Silver Star
14%
Fraser Valley St'at'imcets Village 30 Skookumchuck
14%
Mount Waddington Unincorperated Place 513 Sointula
14%
Central Kootenay Unincorperated Place 493 Balfour
13%
Okanagan-Similkameen Unincorperated Place 1.1 k Kaleden
13%
Stikine Kaska Dena Village 119 Lower Post
13%
Squamish-Lillooet St'am'imc Village 1.2 k Mount Currie
13%
Northern Rockies Dane-zaa Village 107 Prophet River
13%
Fraser Valley Unincorperated Place 20 Spuzzum
13%
Okanagan-Similkameen Unincorperated Place 250 Tulameen
13%
Cowichan Valley Unincorperated Place 1.3 k Youbou
13%
Thompson-Nicola Unincorperated Place 175 Blue River
12%
Comox Valley Unincorperated Place 921 Fanny Bay
12%
Kitimat-Stikine Gitxsan Village 450 Gitwangak
12%
Bulkley-Nechako Village 303 Granisle
12%
North Okanagan Unincorperated Place 1.5 k Grindrod
12%
Sunshine Coast Unincorperated Place 505 Halfmoon Bay
12%
Stikine Unincorperated Place 30 Jade City
12%
Columbia-Shuswap Unincorperated Place 559 Malakwa
12%
Okanagan-Similkameen Unincorperated Place 415 Olalla
12%
Sunshine Coast Unincorperated Place 1.9 k Roberts Creek
12%
Mount Waddington Unincorperated Place 15 Winter Harbour
12%
Mount Waddington Unincorperated Place 174 Coal Harbour
11%
Fraser Valley Unincorperated Place 589 Harrison Mills
11%
Peace River Village 738 Pouce Coupe
11%
Alberni-Clayoquot Unincorperated Place 1.6 k Sproat Lake
11%
Central Kootenay Unincorperated Place 179 Yahk
11%
Cariboo Unincorperated Place 53 Alexis Creek
10%
Okanagan-Similkameen Unincorperated Place 100 Coalmont
10%
East Kootenay Resort Town 122 Panorama
10%
Comox Valley Unincorperated Place 2.7 k Royston
10%
Thompson-Nicola Unincorperated Place 519 Savona
10%
Comox Valley Unincorperated Place 1.1 k Union Bay
10%
Central Kootenay Unincorperated Place 650 Wynndel
10%
Central Kootenay Unincorperated Place 20 Ainsworth
9%
Comox Valley Unincorperated Place 228 Buckley Bay
9%
East Kootenay Unincorperated Place 720 Edgewater
9%
Squamish-Lillooet Unincorperated Place 30 Gold Bridge
9%
Stikine Kaska Dena Village 39 Good Hope Lake
9%
Kitimat-Stikine Tahltan Village 478 Iskut
9%
Thompson-Nicola Unincorperated Place 980 Lower Nicola
9%
North Okanagan Unincorperated Place 400 Mara
9%
North Coast Unincorperated Place 183 Tlell
9%
Thompson-Nicola Unincorperated Place 237 Vavenby
9%
Alberni-Clayoquot Nuu-chah-nulth Village 760 Ahousat
8%
Cariboo Unincorperated Place 73 Anahim Lake
8%
Kootenay Boundary Unincorperated Place 122 Beaverdell
8%
Thompson-Nicola Secwépemc Village 159 Bonaparte
8%
Columbia-Shuswap Unincorperated Place 946 Falkland
8%
Peace River Sekani Village 242 Fort Ware
8%
Nanaimo Unincorperated Place 1.1 k French Creek
8%
Fraser-Fort George Unincorperated Place 239 Hixon
8%
Cowichan Valley Unincorperated Place 632 Honeymoon Bay/Mesachie Lake
8%
East Kootenay Unincorperated Place 234 Hosmer
8%
Alberni-Clayoquot Nuu-chah-nulth Village 44 Hot Springs Cove
8%
East Kootenay Unincorperated Place 510 Jaffray
8%
Strathcona Nuu-chah-nulth Village 157 Kyuquot
8%
Fraser Valley Unincorperated Place 173 Laidlaw
8%
Cariboo Unincorperated Place 285 Lone Butte
8%
East Kootenay Unincorperated Place 266 Moyie
8%
Comox Valley Unincorperated Place 230 Mud Bay
8%
Fraser Valley Unincorperated Place 1.7 k Popkum
8%
Strathcona Unincorperated Place 515 Quathiaski Cove
8%
Kitimat-Stikine Unincorperated Place 193 South Hazelton
8%
East Kootenay Unincorperated Place 365 Wasa Lake
8%
Strathcona Kwakwaka'wakw Village 145 Yaculta
8%
Alberni-Clayoquot Unincorperated Place 1.0 k Cherry Creek
7%
Nanaimo Unincorperated Place 1.0 k Dashwood
7%
Fraser Valley Unincorperated Place 141 Deroche
7%
Nanaimo Unincorperated Place 1.4 k Dunsmuir
7%
Central Kootenay Unincorperated Place 142 Fauquier
7%
Capital Nuu-chah-nulth Village 79 Gordon River
7%
Cariboo Unincorperated Place 173 Horsefly
7%
Mount Waddington Unincorperated Place 527 Hyde Creek
7%
Kootenay Boundary Unincorperated Place 236 Kettle Valley
7%
Mount Waddington Kwakwaka'wakw Village 111 Kingscome
7%
qathet Island Trust 498 Lasqueti Island
7%
Cariboo Unincorperated Place 350 Likely
7%
Alberni-Clayoquot Nuu-chah-nulth Village 153 Opitsat
7%
North Okanagan Unincorperated Place 124 Shuswap Falls
7%
Nanaimo Unincorperated Place 1.2 k South Wellington
7%
Fraser Valley Unincorperated Place 208 Sunshine Valley
7%
Fraser-Fort George Unincorperated Place 152 Bear Lake
6%
Squamish-Lillooet Unincorperated Place 35 D'Arcy
6%
Fraser Valley Unincorperated Place 493 Dewdney
6%
Columbia-Shuswap Unincorperated Place 557 Eagle Bay
6%
Strathcona Unincorperated Place 594 Heriot Bay
6%
North Coast Tsimshanian Village 627 Lax Kw'alaams
6%
Cariboo Unincorperated Place 1.5 k Nazko
6%
Mount Waddington Unincorperated Place 58 Quatsino
6%
Columbia-Shuswap Unincorperated Place 976 Tappen
6%
East Kootenay Unincorperated Place 242 Wilmer
6%
Central Kootenay Unincorperated Place 326 Crawford Bay
5%
Central Kootenay Unincorperated Place 451 Robson/Raspberry
5%
Comox Valley Unincorperated Place 1.5 k Saratoga/Miracle Beach
5%
Central Kootenay Unincorperated Place 214 Ymir
5%
Central Kootenay Unincorperated Place 132 Burton
4%
Alberni-Clayoquot Nuu-chah-nulth Village 90 Esowista
4%
Kitimat-Stikine Nisga'a Village 367 Ging̱olx
4%
Alberni-Clayoquot Nuu-chah-nulth Village 321 Hitacu
4%
Cariboo Unincorperated Place 281 Lac la Hache
4%
Fraser Valley Unincorperated Place 343 Lake Errock
4%
Mount Waddington Kwakwaka'wakw Village 22 New Vancouver
4%
Central Kootenay Unincorperated Place 266 Riondel
4%
Thompson-Nicola Unincorperated Place 410 Tobiano
4%
Fraser Valley Unincorperated Place 565 Baker Trails
3%
Columbia-Shuswap Unincorperated Place 544 Celista
3%
Cariboo Unincorperated Place 819 Dog Creek
3%
Nanaimo Unincorperated Place 1.7 k East Wellington
3%
Central Kootenay Unincorperated Place 235 Edgewood
3%
Sunshine Coast Unincorperated Place 395 Garden Bay
3%
Kootenay Boundary Unincorperated Place 756 Genelle
3%
Kitimat-Stikine Nisga'a Village 207 Gitwinksihlkw
3%
North Coast Tsimshanian Village 114 Hartley Bay
3%
Nanaimo Unincorperated Place 1.5 k Hilliers
3%
Cariboo Unincorperated Place 406 Kersley
3%
Kitimat-Stikine Gitxsan Village 578 Kispiox
3%
North Coast Tsimshanian Village 295 Kitkatla
3%
qathet Unincorperated Place 285 Lang Bay
3%
Kitimat-Stikine Nisga'a Village 248 Lax̱g̱altsʼap
3%
Columbia-Shuswap Unincorperated Place 503 Lee Creek
3%
Columbia-Shuswap Unincorperated Place 284 Magna Bay
3%
Fraser Valley Unincorperated Place 107 North Bend
3%
Columbia-Shuswap Unincorperated Place 754 Notch Hill
3%
Squamish-Lillooet Secwépemc Village 48 Pavilion
3%
Bulkley-Nechako Dakelh Village 118 Pinchi
3%
Columbia-Shuswap Unincorperated Place 1.0 k Ranchero
3%
Peace River Unincorperated Place 95 Rolla
3%
Columbia-Shuswap Unincorperated Place 890 Scotch Creek
3%
Columbia-Shuswap Unincorperated Place 1.0 k Silver Creek
3%
Fraser Valley Unincorperated Place 266 Slesse Park
3%
qathet K'omoks Village 797 Sliammon
3%
Columbia-Shuswap Unincorperated Place 235 Swansea Point
3%
Central Kootenay Unincorperated Place 268 Taghum
3%
Bulkley-Nechako Dakelh Village 243 Takla Landing
3%
Cariboo Secwépemc Village 358 Alkali Lake
2%
Columbia-Shuswap Unincorperated Place 613 Anglemont
2%
Cowichan Valley Unincorperated Place 1.0 k Arbutus Ridge
2%
Peace River Unincorperated Place 133 Arras / Devereaux
2%
Central Kootenay Unincorperated Place 555 Bonnington
2%
Squamish-Lillooet Unincorperated Place 59 Bralorne
2%
Columbia-Shuswap Unincorperated Place 109 Canoe Point
2%
Fraser Valley Unincorperated Place 72 Canyon Alpine
2%
Columbia-Shuswap Unincorperated Place 621 Cedar Hill/Glenemma
2%
Peace River Unincorperated Place 560 Clairmont/Grand Haven
2%
Squamish-Lillooet Unincorperated Place 58 Devine
2%
Fraser Valley Unincorperated Place 211 Dogwood Valley
2%
Peace River Dane-zaa Village 85 Doig River
2%
Thompson-Nicola Nlaka'pamux Village 188 Douglas Lake
2%
Fraser Valley Unincorperated Place 400 Durieu
2%
Cariboo Unincorperated Place 610 Gateway/Buffalo Creek
2%
Kitimat-Stikine Gitxsan Village 408 Gitanyow
2%
Kitimat-Stikine Gitzsan Village 444 Gitsegukla
2%
Central Kootenay Unincorperated Place 319 Glade
2%
Kitimat-Stikine Gitxsan Village 209 Glen Vowell
2%
Squamish-Lillooet Unincorperated Place 98 Gun Lake
2%
Mount Waddington Kwakwaka'wakw Village 38 Gwayasdums
2%
Kitimat-Stikine Gitxsan Village 183 Hagwilget
2%
Fraser Valley Resort Town 82 Hemlock Valley
2%
North Okanagan Unincorperated Place 332 Kingfisher
2%
Cariboo Unincorperated Place 234 McLeese Lake
2%
Comox Valley Unincorperated Place 2.2 k Merville
2%
qathet Unincorperated Place 537 Myrtle Point
2%
Central Coast Wuikinuxv Village 77 Oweekeno
2%
Cowichan Valley Halkomelem Village 517 Penelakut
2%
Cowichan Valley Unincorperated Place 1.4 k Sahtlam
2%
Squamish-Lillooet Unincorperated Place 30 Seton Portage/Shalath
2%
Bulkley-Nechako Unincorperated Place 112 Southbank
2%
qathet Unincorperated Place 130 Stillwater
2%
Columbia-Shuswap Unincorperated Place 695 Sunnybrae
2%
Bulkley-Nechako Dakelh Village 400 Tachie
2%
Peace River Sekani Village 229 Tsay Ke Dene
2%
Kitimat-Stikine Unincorperated Place 293 Two Mile
2%
qathet Unincorperated Place 362 Van Anda
2%
Sunshine Coast Unincorperated Place 1.1 k Welcome Beach
2%
Columbia-Shuswap Unincorperated Place 731 White Lake
2%
Bulkley-Nechako Dakelh Village 90 Yekooche
2%
Cariboo Unincorperated Place 351 Big Lake
1%
qathet Unincorperated Place 109 Brew Bay
1%
Nanaimo Unincorperated Place 323 Extension
1%
Cariboo Unincorperated Place 338 Forest Grove
1%
Bulkley-Nechako Witsuwitʼen Village 73 Fort Babine
1%
Squamish-Lillooet St'am'imc Village 93 Fountain
1%
qathet Unincorperated Place 423 Gillies Bay
1%
Kitimat-Stikine Nisga'a Village 749 Gitlaxt'aamiks
1%
Peace River Dane-zaa Village 247 Halfway River
1%
Central Kootenay Unincorperated Place 568 Harrop/Procter
1%
Kitimat-Stikine Tsimshanian Village 291 Kitselas
1%
Bulkley-Nechako Dakelh Village 15 Middle River
1%
Squamish-Lillooet St'am'imc Village 133 Nequatque
1%
Cariboo Unincorperated Place 182 Pine Valley
1%
Peace River Unincorperated Place 298 Prespatou
1%
Central Kootenay Unincorperated Place 317 Shoreacres
1%
Bulkley-Nechako Witsuwitʼen Village 83 Tachet
1%
Cariboo Unincorperated Place 432 Wildwood
1%
Fraser-Fort George Unincorperated Place 174 Willow River
1%
Central Kootenay Unincorperated Place 310 Winlaw
1%
Kitimat-Stikine Wet'suwet'en Village 815 Witset
1%
No matching quizzes found
Score Distribution
Percent of People with Each Score
Percentile by Number Answered
Your Score History
You have not taken this quiz